00477nam a22001577a 450000500170000001000150001702000260003203500140005803700130007208200080008510000180009324500540011126000490016527000830021430000220029720230517152621.0 aENG-136947 a9789382711186c399.00 aEN-120479 bDBAD/PUB a923 aVerma, Sudesh aNarendra Modi The Game Changer /cBy Sudesh Verma bVitasta Publishing Pvt Ltdc2017aNew Delhi  a2-15, Ansari Road, Darya Ganj bNew Delhi e110002minfo@vitastapublishing.com a457p.;c22cm(pbk)